1164 1457 1894 1248 1332 1710 1190 1605 1637 1979 1539 1233 1493 1903 1642 1327 1294 1929 1484 1601 1256 1833 1172 1320 1434 1763 1296 1482 1871 1897 1514 1319 1008 1997 1423 1309 1908 1124 1579 1888 1745 1987 1646 1831 1854 1028 1951 1175 1594 1452 1769 1696 1904 1756 1266 1495 1293 1051 1950 1455 1610 1169 1831 1520 1515 1442 1734 1960 1960 1119 1358 1237 1095 1591 1171 1847 1530 1342 1360 1786 1835 1159 1367 1206 1834 1553 1940 1844 1079 1078 1481 1032 1942 1372 1236 1178 1386 1640 1457 BCNSPRNW ULIB Ver.6.0+V

เปลี่ยนเป็นภาษาไทย

Change to English
 แสดงรายละเอียดบรรณานุกรม
  กลับหน้าหลัก

Brief Record : Get Marc (ISO 2709) : E-mail record : QR code < ปิดหน้าต่าง
LEADER : 00000nam 2200000uu 4500
001    13399124423
003     ULIB
008    020711s2550 th a 000 0 tha d
020    9789749899281
090    นว.^bย111ค
100    โยโคมิโซะ เซซิ ;^eเขียน
245    คินดะอิจิยอดนักสืบ ตอนที่4 : ร่างทรงมรณะ/^cโยโคมิโซะ เซซิ ; เขียน , เสาวณีย์ นวรัตน์จำรูญ ; แปล
250    พิมพ์ครั้งที่ 6
260    กรุงเทพฯ :^bjbook,^c2550
300    296 หน้า;^b21 ซม.
650    นิยายแปล
700    เสาวณีย์ นวรัตน์จำรูญ ;^eแปล
710    jbook
945    ^p220^l0^i22984
999    ^aทศพร เกษรทอง
รายการนี้ยังไม่มีแท็ก
คุณยังไม่ได้ล็อกอิน คุณสามารถมีกิจกรรมร่วมกับเว็บไซต์ได้ แต่ต้องล็อกอินก่อน ::
  ล็อกอิน

รายการสื่อสารสนเทศ

ลำดับที่ ประเภท เลขเรียก/บาร์โค้ด สถานที่ สถานะ
1. นวนิยาย
นวนิยาย
นว. ย111ค ฉ.1 
  Barcode: 22984
ห้องสมุดวิทยาเขตนครสวรรค์
►นวนิยาย:l:Fiction
บนชั้น

รายการใกล้เคียง
    หัวเรื่อง [นิยายแปล]

BibComment


ยังไม่เคยถูกคอมเมนท์

คอมเมนท์ทรัพยากรรายการนี้
  คอมเมนท์: คินดะอิจิยอดนักสื..


 Copyright 2026. Bcnsprnw @Library